1637 1302 1961 1510 1092 1665 1050 1419 1872 1999 1079 1149 1887 1753 1384 1664 1044 1974 1096 1623 1145 1929 1114 1304 1389 1112 1706 1398 1983 1885 1110 1387 1514 1159 1845 1799 1069 1185 1075 1168 1793 1934 1542 1090 1483 1892 1524 1748 1641 1649 1690 1475 1175 1942 1151 1715 1392 1442 1981 1459 1508 1056 1631 1069 1713 1757 1166 1161 1894 1592 1213 1988 1956 1539 1962 1400 1350 1501 1262 1252 1289 1376 1241 1797 1640 1179 1695 1459 1597 1587 1997 1028 1444 1328 1099 1680 1590 1844 1593 BCNSPRNW ULIB Ver.6.0+V

เปลี่ยนเป็นภาษาไทย

Change to English
 แสดงรายละเอียดบรรณานุกรม
  กลับหน้าหลัก

Brief Record : Get Marc (ISO 2709) : E-mail record : QR code < ปิดหน้าต่าง
LEADER : 00000nam 2200000uu 4500
001    13399112139
003     ULIB
008    110627s2546||||th 000 0 tha d
020    9789744729996
090    นว.^bอ164ก 2546
245 00 เก็บหัวใจไว้ใกล้รัก/^c
250    พิมพ์ครั้งที่ 3
260    กรุงเทพฯ :^bนามมีบุ๊คส์พับลิเคชั่นส์,^c2546
300    208 หน้า
710 1  นามมีบุ๊คส์พับลิเคชั่นส์
945    ^p125^l0^i020516
995    ทศพร
999 ^a ใช้งานได้ทุกระบบ
รายการนี้ยังไม่มีแท็ก
คุณยังไม่ได้ล็อกอิน คุณสามารถมีกิจกรรมร่วมกับเว็บไซต์ได้ แต่ต้องล็อกอินก่อน ::
  ล็อกอิน

รายการสื่อสารสนเทศ

ลำดับที่ ประเภท เลขเรียก/บาร์โค้ด สถานที่ สถานะ
- ไม่พบข้อมูล -

BibComment


ยังไม่เคยถูกคอมเมนท์

คอมเมนท์ทรัพยากรรายการนี้
  คอมเมนท์: เก็บหัวใจไว้ใกล้ร..


 Copyright 2026. Bcnsprnw @Library